Văn hoá học và văn hoá Việt Nam : (giáo trình cao đẳng sư phạm)
Spremljeno u:
| Glavni autor: | |
|---|---|
| Format: | Knjiga |
| Izdano: |
Đại học sư phạm
2004
|
| Oznake: |
Dodaj oznaku
Bez oznaka, Budi prvi tko označuje ovaj zapis!
|
| Thư viện lưu trữ: | Mạng thư viện Đại học Đà Nẵng |
|---|
| LEADER | 00648nam a2200229 a 4500 | ||
|---|---|---|---|
| 001 | 000029085 | ||
| 003 | 23577 | ||
| 005 | 20171030145630.0 | ||
| 008 | 171030s2004 | ||
| 020 | |c 22000 | ||
| 040 | |a LTT | ||
| 082 | 0 | |a 306.09 |b TR-T | |
| 100 | 1 | |a Trần, Ngọc Thêm | |
| 245 | 0 | 0 | |a Văn hoá học và văn hoá Việt Nam : (giáo trình cao đẳng sư phạm) |c Trần Ngọc Thêm chủ biên ; Phạm Hồng Quang. |
| 260 | |b Đại học sư phạm |c 2004 | ||
| OWN | |a LTT | ||
| 999 | |a From the UDN01 | ||
| TYP | |a Monograph | ||
| TYP | |a Printed language | ||
| 980 | |a Mạng thư viện Đại học Đà Nẵng | ||